000 00418nam a2200169Ia 4500
008 230711s9999||||xx |||||||||||||| ||und||
020 _a978-93-272-2477-1
041 _aENG
082 _a658
_bAG-Q
100 _aAggarwal,S.L
245 0 _aQuantitative techniques
250 _a1st Ed.
260 _c2012
_aNew Delhi
_bKalyani Publishers House
300 _a855
650 _aUNIVESITY BUSNIESS SCHOOL
942 _cBK
999 _c5546
_d5546